Lubelszczyzna w latach okupacji hitlerowskiej /

Uložené v:
Podrobná bibliografia
Hlavný autor: Siemion, Leszek (Author)
Médium: Kniha
Jazyk:Polish
Vydané: Lublin : Wydawnictwo Lubelskie, 1977.
Vydanie:1. wyd.
ISBN: (brož.)
Fyzický popis: 361 s.
Tagy: Pridať tag
Žiadne tagy, Buďte prvý kto otaguje tento záznam!

MARC

LEADER 00000nam a22000001a 4500
001 000435621
005 20130918165957.0
008 051026s1977 pl e pol d
020 |a (brož.)  |c Kčs 38,00 
040 |a SVKKK  |b slo  |c SVKKK  |e AACR2 
041 0 |a pol 
044 |a pl  |c PL 
100 1 |a Siemion, Leszek  |4 aut 
245 1 0 |a Lubelszczyzna w latach okupacji hitlerowskiej /  |c Leszek Siemion. 
250 |a 1. wyd. 
260 |a Lublin :  |b Wydawnictwo Lubelskie,  |c 1977. 
300 |a 361 s. 
910 |a svkkk 
998 |a BK 
090 |g SCKHL  |k Sklad Hlavná 10 suterén  |a I.47804  |j 570419  |i 2720682905  |s Absenčne